| 000 | 01248nam a2200325 4500 | ||
|---|---|---|---|
| 001 | 0000013688 | ||
| 003 | CO-CtgCURN | ||
| 005 | 20250331184415.0 | ||
| 007 | ta | ||
| 008 | 160627s1990 000 0 eng d | ||
| 020 | _a8482724207 | ||
| 040 |
_aCO-CtgCURN _bspa _ccoctgcurn |
||
| 082 | 0 |
_a340.1 _bK66l |
|
| 100 | 1 | _aKlug, Ulrich. | |
| 245 | 1 | 0 |
_aLogica juridica / _cUlrich Klug , traducción de J. C. Gardella. |
| 260 |
_aBogotá : _bEditorial Temis, _c1990. |
||
| 300 | _a287 p. ; 23 cm. | ||
| 336 | _2rdacontent | ||
| 337 |
_2rdamedia _asin mediacion _bn |
||
| 338 |
_2rdacarrier _avolumen _bnc |
||
| 490 | 1 | _aColección Jorge Ortega Torres | |
| 500 | _aTitulo original. Juristische logik. | ||
| 504 | _aIncluye bibliografias e indices. | ||
| 505 | 8 | _aConcepto de logica juridica.--Teoria fundamentales de la logica pura explicadas con ejemplos de logica juridica.--Argumentos especiales de la Logica juridica.--La violacion de las leyes del pensamiento en el derecho.--Ciencia del derecho.--Filosofia juridica | |
| 650 | 1 | 4 | _aFilosofia del derecho. |
| 700 | 1 |
_aGardella, J. C., _eTraductor. |
|
| 908 | _a160627 | ||
| 942 |
_cBK _h340.1 _iK66l _2ddc |
||
| 999 |
_c18721 _d18721 |
||